000257417 001__ 257417
000257417 005__ 20260426040121.0
000257417 0247_ $$aG:(GEPRIS)572037347$$d572037347
000257417 035__ $$aG:(GEPRIS)572037347
000257417 040__ $$aGEPRIS$$chttp://gepris.its.kfa-juelich.de
000257417 150__ $$aUntersuchung der Grenzen bei der statistischen Behandlung des Quasikontinuums in 90Zr unter Verwendung komplementärer Methoden zur Extraktion von Photonenstärkefunktionen und Kernniveaudichten$$y2026 -
000257417 371__ $$aDr. Johann Isaak
000257417 450__ $$aDFG project G:(GEPRIS)572037347$$wd$$y2026 -
000257417 5101_ $$0I:(DE-588b)2007744-0$$aDeutsche Forschungsgemeinschaft$$bDFG
000257417 680__ $$a
000257417 909CO $$ooai:juser.fz-juelich.de:1056497$$pauthority:GRANT$$pauthority
000257417 909CO $$ooai:juser.fz-juelich.de:1056497
000257417 980__ $$aG
000257417 980__ $$aAUTHORITY